000 00547nam a22001817a 4500
005 20140219112227.0
010 _aENG-108612
020 _a9789350095836
_c499.00
035 _aEN-92145
037 _bDBAD/PUB
100 _aBagchi, Subroto
245 _aThe elephant catchers :
_cby Subroto Bagchi
_bkey lessons for breakthrough growth /
260 _aGurgaon
_bHachette Book Publishing
_c2013
270 _a4th/5th Floors, Corporate Centre, Sector 44
_bGurgaon
_e122003
300 _axii,232p.
_c22cm(Hb)
600 _d
942 _2ddc
_cEN
_mBAG
999 _c80287
_d80287